All Governors of Alaska - Statistics

General Stats
  • This quiz has been taken 8 times
  • The average score is 7 of 14
Answer Stats
Years served Party Answer % Correct
2006 - 2009 Republican Sarah Palin
100%
2018 - Present Republican Mike Dunleavy
75%
2014 - 2018 Independent Bill Walker
63%
2002 - 2006 Republican Frank Murkowski
63%
2009 - 2014 Republican Sean Parnell
50%
1974 - 1982 Republican Jay Hammond
38%
1969 - 1970 Republican Keith Harvey Miller
38%
1994 - 2002 Democrat Tony Knowles
38%
1966 - 1969 Republican Wally Hickel
38%
1990 - 1994 Alaskan Independence Wally Hickel
38%
1959 - 1966 Democrat William A. Egan
38%
1970 - 1974 Democrat William A. Egan
38%
1982 - 1986 Democrat Bill Sheffield
25%
1986 - 1990 Democrat Steve Cowper
25%
No matching quizzes found
Score Distribution
Percent of People with Each Score
Percentile by Number Answered
Your Score History
You have not taken this quiz